000 00842nam a2200265Ia 4500
003 OSt
005 20221007105244.0
006 a|||||r|||| 00| 0
007 ta
008 221006b |||||||| |||| 00| 0 eng d
020 _a8187947101
024 _a18,056
037 _cTextual
040 _aLCO
_cLCO
_beng
041 _2eng
_aeng
082 _aS:851, P8
100 _aKaul S.K.
_9706503
245 0 _aNarcoanalysis, Brain Mapping, Hypnosis & Lie Detector Tests in interrogation of suspect Foreword by Keiichi Chikushi and Yashpal Singh
260 _aAllahabad
_bAlia Law Agency India
_c2008
300 _a1510
650 _aNARCOANALYSIS BRAIN MAPPING HYPNOSIS LIE DETECTOR TESTS
_9706504
700 _a Zaidi M.H.
_9706505
942 _hS:851, P8
_cTEXL
999 _c1187619
_d1187619